[Event "Marseille op 5th"]
[Site "Marseille"]
[Date "2012.12.26"]
[Round "4"]
[White "Loi, Emmanuel"]
[Black "Bories, Frederic"]
[Result "0-1"]
[WhiteElo "1319"]
[BlackElo "1617"]
[PlyCount "68"]
[EventDate "2012.12.26"]
[EventType "swiss"]
[EventRounds "9"]
[EventCountry "FRA"]
[SourceTitle "EXT 2014"]
[Source "ChessBase"]
[SourceDate "2013.11.20"]
[SourceVersion "1"]
[SourceVersionDate "2013.11.20"]
[SourceQuality "1"]

1. d4 d6 2. Nf3 Nf6 3. Nc3 c6 4. h3 Qa5 5. Bd2 Qc7 6. e4 Nbd7 7. Bd3 e5 8. 0-0 b5 9. a3 Be7 10. d5 Bb7 11. dxc6 Bxc6 12. Qe2 a6 13. Nh2 h6 14. f4 0-0-0 15. b4 d5 16. fxe5 Nxe5 17. Bf4 Qa7+ 18. Kh1 d4 19. Nd1 Bd6 20. Nf3 Nxd3 21. Bxd6 Rxd6 22. e5 Nxe5 23. Nxe5 Qc7 24. Nd3 Re8 25. Qf2 Ne4 26. Qh4 Rg6 27. N1f2 Ng3+ 28. Kg1 Nxf1 29. Ng4 Ne3 30. Re1 Kb7 31. Nc5+ Ka7 32. Qf2 Nxg4 33. hxg4 Rxe1+ 34. Qxe1 Rxg4 0-1